Science Quiz

Random Science or Biology Quiz

General Biology Quiz Stats

 Plays Quiz not verified by Sporcle

Support Sporcle.
Go Orange.
Score 0/19 Timer 10:00
0 Plays Today
Hint Answer % Correct
What is the name of the process used by plants to turn sunlight into food?Photosynthesis
82.1%
Where does photosynthesis take place?Chloroplast
73.3%
Where in the cell does cellular respiration take place?mitochondria
72.4%
What does DNA stand for?Deoxyribonucleicacid
67%
A double twisted strand of DNA is called a what?double helix
65.2%
Guanine always pairs with-cytosine
64.3%
Type of cell division resulting in four daughter cells each with half the number of chromosomes in the parent cellMeiosis
63.8%
This is the term for a version of a geneAllele
55.2%
What does adenine pair with in RNA?Uracil
50.9%
What is the chemical formula for glucose?c6h12o6
50.9%
Hint Answer % Correct
What coats and breaks down molecules in your food during chemical digestion?Enzymes
48.3%
While genotype is genetic,The phenotype is what characteristic of an organism?Physical
46.6%
A sequence of three nucleotides that together form a unit of genetic code in DNA or RNAcodon
43.8%
This is facilitated in the epidermis of leaves and facilitates gas exchangeStomata
42.2%
Organisms that capture energy from sunlight are known asAutotrophs
36.6%
Particle consisting of RNA found in large numbers in the cytoplasm of living cellsRIbosome
36.2%
Also known as vitamin B2, is used in food and as a dietary supplementRiboflavin
14.7%
the reduced genetic diversity that results when a population is descended from a small number of colonizing ancestors.Genetic drift
12.9%
1.8%

You're not logged in!

Compare scores with friends on all Sporcle quizzes.
OR
Log In

From the Vault

NBC Sitcom Last Name Extravaganza!

by DanTravers

If you can't remember the surname of the title character on Seinfeld, you're in trouble.
Remove Ads.
Support Sporcle.
Get the best of Sporcle when you Go Orange. This ad-free experience offers more features, more stats, and more fun while also helping to support Sporcle. Thank you for becoming a member.

Show Comments

Extras

Created Feb 8, 2018ReportNominate
Tags:Biology Quiz

Top Quizzes Today


Score Distribution

Your Account Isn't Verified!

In order to create a playlist on Sporcle, you need to verify the email address you used during registration. Go to your Sporcle Settings to finish the process.

Report this User

Report this user for behavior that violates our Community Guidelines.

Details: